[Event "CFriend SH-2004-0-00019 email"]
[Site "Chessfriend.com"]
[Date "2004.04.02"]
[Round "1"]
[White "Daurelle, Herve"]
[Black "Santos, Roman"]
[Result "1-0"]
[WhiteElo "2272"]
[BlackElo "2062"]
[PlyCount "77"]
[EventDate "2004.04.02"]
[EventType "tourn (corr)"]
[EventRounds "12"]
[SourceTitle "Corr 2008"]
[Source "ChessBase"]
[SourceDate "2008.06.24"]
[SourceVersion "1"]
[SourceVersionDate "2008.06.24"]
[SourceQuality "1"]

1. e4 e6 2. d4 d5 3. Nc3 dxe4 4. Nxe4 Nd7 5. Nf3 Ngf6 6. Nxf6+ Nxf6 7. Bd3 c5 8. dxc5 Bxc5 9. Qe2 0-0 10. 0-0 b6 11. Bg5 Bb7 12. Rad1 Qc7 13. Bxf6 gxf6 14. Be4 Bxe4 15. Qxe4 Rfd8 16. Qg4+ Kh8 17. Qh4 Be7 18. c3 Rxd1 19. Rxd1 Rd8 20. Rxd8+ Qxd8 21. Qd4 Qxd4 22. Nxd4 Bd6 23. g3 Kg7 24. Kf1 f5 25. f4 h5 26. a4 h4 27. Kg2 Kg6 28. b4 a6 29. Nc6 f6 30. a5 bxa5 31. Nxa5 hxg3 32. Kxg3 e5 33. Nc6 Kf7 34. h4 Ke6 35. h5 Bf8 36. Nb8 Kd5 37. Nxa6 Kc4 38. Nc7 Kxc3 39. b5 1-0

[Event "CFriend SH-2004-0-00019 email"]
[Site "Chessfriend.com"]
[Date "2004.04.02"]
[Round "1"]
[White "Lacasa Diaz, Jose Antonio"]
[Black "Santos, Roman"]
[Result "0-1"]
[WhiteElo "2176"]
[BlackElo "2062"]
[PlyCount "50"]
[EventDate "2004.04.02"]
[EventType "tourn (corr)"]
[EventRounds "12"]
[SourceTitle "Corr 2008"]
[Source "ChessBase"]
[SourceDate "2008.06.24"]
[SourceVersion "1"]
[SourceVersionDate "2008.06.24"]
[SourceQuality "1"]

1. e4 e6 2. d4 d5 3. Nc3 dxe4 4. Nxe4 Nd7 5. Nf3 Ngf6 6. Nxf6+ Nxf6 7. c3 c5 8. Ne5 a6 9. Be3 Qc7 10. Qa4+ Nd7 11. 0-0-0 cxd4 12. Bxd4 Bd6 13. Nxd7 Bxd7 14. Qc4 Qxc4 15. Bxc4 Bc6 16. f3 Ke7 17. h3 Rhd8 18. Bd3 Rac8 19. Be4 Bxe4 20. fxe4 e5 21. Bb6 Rd7 22. Kc2 Rc6 23. Bf2 Ke6 24. Rhe1 b5 25. Rd3 b4 0-1

[Event "CFriend SH-2004-0-00019 email"]
[Site "Chessfriend.com"]
[Date "2004.04.02"]
[Round "1"]
[White "Marino, Maurizio"]
[Black "Santos, Roman"]
[Result "1/2-1/2"]
[WhiteElo "2081"]
[BlackElo "2088"]
[PlyCount "54"]
[EventDate "2004.04.02"]
[EventType "tourn (corr)"]
[EventRounds "12"]
[SourceTitle "Corr 2024"]
[Source "ChessBase"]
[SourceDate "2023.10.19"]
[SourceVersion "1"]
[SourceVersionDate "2023.10.19"]
[SourceQuality "1"]

1. d4 e6 2. c4 Nf6 3. Nc3 Bb4 4. Qc2 0-0 5. a3 Bxc3+ 6. Qxc3 b6 7. Bg5 Bb7 8. f3 h6 9. Bh4 d5 10. e3 Nbd7 11. cxd5 Nxd5 12. Bxd8 Nxc3 13. Bxc7 Nd5 14. Bf4 Rfd8 15. Bc4 Nxf4 16. exf4 Rac8 17. b3 Nb8 18. Ne2 Nc6 19. Kf2 Nxd4 20. Nxd4 Rxd4 21. Ke3 Rcd8 22. Be2 Kf8 23. Rac1 R4d7 24. b4 a6 25. g3 Ke7 26. h4 b5 27. Rc5 Rd5 1/2-1/2

[Event "CFriend SH-2004-0-00019 email"]
[Site "Chessfriend.com"]
[Date "2004.04.02"]
[Round "?"]
[White "Santos, Roman"]
[Black "Benko, Bostjan"]
[Result "1/2-1/2"]
[WhiteElo "2088"]
[BlackElo "2192"]
[PlyCount "44"]
[EventDate "2004.04.02"]
[EventType "tourn (corr)"]
[EventRounds "12"]
[SourceTitle "Corr 2008"]
[Source "ChessBase"]
[SourceDate "2008.06.24"]
[SourceVersion "1"]
[SourceVersionDate "2008.06.24"]
[SourceQuality "1"]

1. e4 d5 2. exd5 Qxd5 3. Nc3 Qa5 4. d4 Nf6 5. Nf3 c6 6. Bc4 Bf5 7. Bd2 e6 8. Nd5 Qd8 9. Nxf6+ Qxf6 10. c3 Nd7 11. 0-0 Bd6 12. Bg5 Qg6 13. Qd2 h6 14. Bf4 Be7 15. Rfe1 0-0 16. Bf1 Rad8 17. Bg3 Rfe8 18. Qf4 Bg4 19. h3 Bxf3 20. Qxf3 Nf6 21. Rad1 Bd6 22. Bxd6 Rxd6 1/2-1/2

[Event "CFriend SH-2004-0-00019 email"]
[Site "Chessfriend.com"]
[Date "2004.04.02"]
[Round "1"]
[White "Santos, Roman"]
[Black "Lambert, Andreas"]
[Result "1/2-1/2"]
[WhiteElo "2062"]
[BlackElo "2141"]
[PlyCount "74"]
[EventDate "2004.04.02"]
[EventType "tourn (corr)"]
[EventRounds "12"]
[SourceTitle "Corr 2008"]
[Source "ChessBase"]
[SourceDate "2008.06.24"]
[SourceVersion "1"]
[SourceVersionDate "2008.06.24"]
[SourceQuality "1"]

1. e4 c5 2. c3 Nf6 3. e5 Nd5 4. d4 cxd4 5. cxd4 d6 6. Nf3 Nc6 7. Bc4 Nb6 8. Bb3 dxe5 9. d5 Na5 10. Nc3 Nxb3 11. Qxb3 e6 12. Nxe5 exd5 13. Be3 Bd6 14. Qb5+ Kf8 15. Nf3 Bg4 16. Bxb6 Qxb6 17. Qxb6 axb6 18. Nxd5 Bxf3 19. gxf3 b5 20. f4 f5 21. Ke2 Kf7 22. Rhd1 Rhe8+ 23. Kf3 Re4 24. Rd2 Raa4 25. b3 Rad4 26. Rad1 Rxd2 27. Rxd2 Ke6 28. Rd3 b4 29. h3 Kd7 30. h4 Kc6 31. h5 Kc5 32. Rd1 Rd4 33. Rxd4 Kxd4 34. Ne3 g6 35. hxg6 hxg6 36. Ng2 Kc3 37. Ke2 Kb2 1/2-1/2

[Event "IECG CB.2001.0.00019 email"]
[Site "IECG email"]
[Date "2001.11.22"]
[Round "1"]
[White "Santos, Roman"]
[Black "Barkwell, Michael"]
[Result "1/2-1/2"]
[WhiteElo "1960"]
[BlackElo "1914"]
[PlyCount "52"]
[EventDate "2001.11.22"]
[EventType "tourn (corr)"]
[EventRounds "6"]
[SourceTitle "Corr 2024"]
[Source "ChessBase"]
[SourceDate "2023.10.19"]
[SourceVersion "1"]
[SourceVersionDate "2023.10.19"]
[SourceQuality "1"]

1. c4 Nf6 2. Nc3 g6 3. g3 Bg7 4. Bg2 0-0 5. Nf3 d6 6. 0-0 e5 7. d3 Nc6 8. Rb1 Bf5 9. Bg5 h6 10. Bxf6 Qxf6 11. Nd2 a6 12. b4 Qd8 13. a4 Ra7 14. b5 axb5 15. axb5 Nd4 16. b6 cxb6 17. e3 Nc6 18. Nde4 Be6 19. Nb5 Ra6 20. Nexd6 Qe7 21. Qe2 Rfa8 22. Bd5 Rd8 23. Bxe6 Qxe6 24. Ne4 Qd7 25. Rfd1 f5 26. Nec3 Ne7 1/2-1/2

[Event "IECG TE.2001.P.00614 email"]
[Site "IECG email"]
[Date "2001.03.20"]
[Round "?"]
[White "Jacquelin, Xavier"]
[Black "Santos, Roman"]
[Result "0-1"]
[WhiteElo "599"]
[BlackElo "1960"]
[PlyCount "46"]
[EventDate "2001.03.20"]
[EventType "tourn (corr)"]
[EventRounds "8"]
[SourceTitle "Corr 2008"]
[Source "ChessBase"]
[SourceDate "2008.06.24"]
[SourceVersion "1"]
[SourceVersionDate "2008.06.24"]
[SourceQuality "1"]

1. e4 c5 2. d4 cxd4 3. c3 dxc3 4. Nxc3 Nc6 5. Nf3 d6 6. Bc4 e6 7. 0-0 a6 8. Bg5 Be7 9. Bxe7 Ngxe7 10. Qd2 b5 11. Bb3 0-0 12. Rfd1 b4 13. Re1 bxc3 14. bxc3 Qc7 15. Rad1 Rd8 16. Ba4 Bb7 17. Qb2 Rac8 18. Qb1 Ng6 19. Bb3 Nce5 20. Re3 Ng4 21. Re2 d5 22. exd5 Nh4 23. Nxh4 Qxh2+ 0-1